Top 100 NBA Fantasy Players, Per Game, 2016-2017 - Statistics

General Stats
  • This quiz has been taken 185 times
    151 since last reset
  • The average score is 49 of 100
Answer Stats
Ranking Answer % Correct
3 LeBron James
100%
10 Stephen Curry
98%
5 Kevin Durant
96%
2 James Harden
92%
1 Russell Westbrook
90%
17 Chris Paul
86%
34 Klay Thompson
86%
13 Kawhi Leonard
85%
16 Kyrie Irving
83%
4 Anthony Davis
82%
43 Draymond Green
81%
8 Giannis Antetokounmpo
80%
20 Paul George
80%
12 Damian Lillard
76%
21 Blake Griffin
73%
31 Joel Embiid
73%
46 DeAndre Jordan
72%
23 Nikola Jokic
72%
14 Jimmy Butler
71%
30 Kevin Love
70%
15 Kyle Lowry
69%
32 Carmelo Anthony
68%
53 Dwyane Wade
68%
7 Karl-Anthony Towns
65%
18 Demar DeRozan
64%
6 Demarcus Cousins
63%
25 Marc Gasol
63%
73 Pau Gasol
63%
38 Jabari Parker
62%
11 John Wall
62%
29 Bradley Beal
61%
9 Isaiah Thomas
61%
60 Derrick Rose
60%
49 Devin Booker
60%
80 Dirk Nowitzki
60%
44 Al Horford
59%
26 CJ McCollum
59%
77 Khris Middleton
57%
50 LaMarcus Aldridge
57%
55 Andre Drummond
56%
69 D'Angelo Russell
56%
58 Dwight Howard
56%
67 Louis Williams
56%
42 Andrew Wiggins
54%
28 Gordon Hayward
54%
33 Rudy Gobert
54%
79 Eric Gordon
53%
19 Kemba Walker
52%
45 Jrue Holiday
50%
39 Kristaps Porzingis
49%
36 Brook Lopez
48%
64 Serge Ibaka
48%
27 Hassan Whiteside
46%
22 Mike Conley
46%
37 Paul Millsap
46%
74 Victor Oladipo
45%
84 Clint Capela
44%
76 Gary Harris
43%
72 Julius Randle
43%
68 Tobias Harris
43%
56 Zach Lavine
43%
24 Eric Bledsoe
42%
48 Nikola Vucevic
42%
93 Reggie Jackson
41%
81 James Johnson
40%
40 Jeff Teague
40%
83 Tyler Johnson
40%
35 Goran Dragic
39%
57 George Hill
36%
54 Myles Turner
36%
59 Ricky Rubio
34%
61 Harrison Barnes
33%
95 Zach Randolph
31%
85 Markieff Morris
30%
63 Otto Porter Jr.
30%
87 Trevor Ariza
30%
47 Nicolas Batum
29%
91 Jonas Valanciunas
28%
52 Dennis Schroder
27%
62 Avery Bradley
26%
51 Danilo Gallinari
26%
78 Evan Fournier
25%
71 Jae Crowder
25%
66 Jeremy Lin
24%
90 Marcin Gortat
24%
82 Robert Covington
24%
41 Rudy Gay
24%
70 Wilson Chandler
24%
96 Enes Kanter
22%
94 Patrick Beverley
20%
65 Elfrid Payton
17%
100 Greg Monroe
17%
98 Wesley Matthews
17%
86 Mason Plumlee
16%
92 Darren Collison
13%
75 Dion Waiters
13%
99 Kentavious Caldwell-Pope
13%
88 Will Barton
13%
89 TJ Warren
10%
97 Gorgui Dieng
9%
No matching quizzes found
Score Distribution
Percent of People with Each Score
Percentile by Number Answered
Your Score History
You have not taken this quiz since the last reset